Biblioteca

V Conferencia general del Episcopado Latinoamericano y de el Caribe : (Registro nro. 65272)

Detalles MARC
000 -LÍDER
Campo fijo de descripción fija 01740nam a2200313 i 4500
001 - NÚMERO DE CONTROL
Campo de control 768714001
003 - IDENTIFICADOR DEL NÚMERO DE CONTROL
Campo de control CO-MdFUSB
005 - FECHA Y HORA DE LA ULTIMA TRANSACCIÓN
control field 20240618062720.0
008 - ELEMENTOS DE LONGITUD FIJA -- INFORMACIÓN GENERAL
Campo fijo de descripción fija -- Información general 191001t2007 pe |||| |||| 00| 0 spa d
020 ## - NÚMERO INTERNACIONAL NORMALIZADO PARA LIBROS
Número Internacional Normalizado del libro 9789586256537
040 ## - FUENTE DE CATALOGACIÓN
Agencia de catalogación original CO-MdFUSB
Idioma de catalogación spa
Agencia que realiza la transcripción CO-MdFUSB
Agencia que realiza la modificación CO-MdFUSBC
Convenciones de la descripción rda
041 ## - CÓDIGO DE IDIOMA
Código de idioma para texto/pista de sonido o título separado spa
082 ## - NÚMERO DE CLASIFICACIÓN DECIMAL DEWEY
Número de la edición del Dewey 23
Número de clasificación 262.122
Clave de autor-Numero de item C748d
110 ## - ASIENTO PRINCIPAL--NOMBRE CORPORATIVO
Nombre corporativo o de jurisdicción como elemento de entrada Consejo Episcopal Latinoamericano
245 1# - TÍTULO
Título del Material V Conferencia general del Episcopado Latinoamericano y de el Caribe :
Parte restante del título - Subtitulo Documento conclusivo : Aparecida, 13-31 de mayo de 2007
Mención de responsabilidad, etc. / Consejo Episcopal Latinoamericano, CELAM.
264 #1 - PRODUCCIÓN, PUBLICACIÓN, DISTRIBUCIÓN, MANUFACTURA, Y COPYRIGHT
Lugar de producción, publicación, distribución, manufactura Lima, Perú.
Nombre del productor, publicador, distribuidor Conferencia Episcopal Peruana,
Fecha de producción, publicación, distribución, manufactura, o copyright [2007]
264 #4 - PRODUCCIÓN, PUBLICACIÓN, DISTRIBUCIÓN, MANUFACTURA, Y COPYRIGHT
Fecha de producción, publicación, distribución, manufactura, o copyright © 2007
300 ## - DESCRIPCIÓN FÍSICA
Extensión 298 páginas
Dimensiones ; 21 cm
336 ## - TIPO DE CONTENIDO
Fuente rdacontent
Término de tipo de contenido texto
Código de tipo de contenido txt
337 ## - TIPO DE MEDIO
Fuente rdamedia
Nombre del tipo de medio sin mediación
Código del tipo de medio n
338 ## - TIPO DE SOPORTE
Fuente rdacarrier
Nombre del tipo de soporte volumen
Código Tipo de soporte nc
505 ## - NOTA DE CONTENIDO
Nota de contenido con formato preestablecido Discurso Inaugural de Su Santidad Benedicto XVI. -- La vida de nuestros pueblos hoy. -- Los discípulos misioneros. -- Mirada de los discípulos misioneros sobre la realidad. -- La vida de Jesucristo en los discípulos misioneros: La alegría de ser discípulos misioneros para anunciar el Evangelio de Jesucristo. -- La vocación de los discípulos misioneros a la Santidad. -- La comunión de los discípulos Misioneros en la iglesia. -- El itinerario formativo de los discípulos misioneros. -- La vida de Jesucristo para nuestros pueblos: La misión de los discípulos al servicio de la vida plena. -- Reino de Dios y promoción de la dignidad humana. -- Familia, personas y vida. -- Nuestros pueblos y la cultura.
563 ## - NOTA DE ENCUADERNACIÓN
Nota de encuadernación Rústico
610 27 - ASIENTO SECUNDARIO DE MATERIA - NOMBRE CORPORATIVO
Nombre corporativo o nombre de la jurisdicción como elemento de entrada Iglesia Católica
Subdivisión geográfica América Latina.
650 #0 - ASIENTO SECUNDARIO DE MATERIA - TERMINO TEMÁTICO
9 (RLIN) 19
Término temático o nombre geográfico como elemento de entrada Vida cristiana
650 #0 - ASIENTO SECUNDARIO DE MATERIA - TERMINO TEMÁTICO
Término temático o nombre geográfico como elemento de entrada Misiones
9 (RLIN) 154
942 ## - TIPO DE MATERIAL (KOHA)
Tipo de Item KOHA Libros General
945 ## - INFORMACIÓN LOCAL DEL REGISTRO
Catalogador JTF-925
Existencias
Estado de Material Estado de Perdido Forma de Clasificación Estado de Dañado No para Préstamo Colección Biblioteca de Origen Biblioteca Permanente Fecha de Adquisición Área Total de Préstamos Signatura Topográfica Código de Barras Última vez visto Ejemplar/Existencia Fecha de Remplazo Tipo de Material
    Dewey Decimal Classification     Colección General Biblioteca FUSBC Biblioteca FUSBC 01/10/2019 MISIONES / EVANGELISMO   G 262.122 C748d 3764 01/10/2019 Ej. 1 01/10/2019 Libros General

Biblioteca FUSBC | Teléfono: (57+4) 349 88 10 Ext. 141| WhatsApp (+57) 3005338115 
E-mail: biblioteca@unisbc.edu.co | Calle 76 87-14 Robledo Palenque, Medellín, Colombia

Con tecnología Koha